000 00263nam a22000977a 4500
999 _c515669
_d515669
082 _aTNC K12x71 D968
100 _aDwivedi, O. P.
_921391
245 _aThe public service in Canada and India
_cby O. P. Dwivedi
260 _aNew Delhi
_bJawahar
_c1995
300 _a289p.